000 01511nam0a2200373 4500
001 RU\NLR\bibl\958664
005 20250614203558.0
010 _a5-85152-486-3
_9500
021 _aRU
_b2006-22717
_91128
035 _a(nilc)RSL-KNO-002874819
035 _a(NLR Aleph) 000946717
090 _a254006
_c254006
100 _a20060505d2005 |||y0rusy50 ca
101 0 _arus
102 _aRU
105 _aa |||||||||
106 _ar
200 1 _aРазработка технологии управленческого решения
_fМ. Н. Павленков
210 _aНижний Новгород
_cВолго-Вят. акад. гос. службы
_d2005
_eН.Новгород
_gИзд-во Волго-Вят. акад. гос. службы
215 _a127 с.
_cил., табл.
_d20
320 _aБиблиогр.: с. 120-126 (100 назв.)
606 1 _aУправление
_xПринятие решений
_xФормирование
_92087460
_3RU\NLR\auth\661263626
610 0 _aЭкономика -- Российская Федерация -- Управление -- Методы управления
610 0 _aуправленческие решения
686 _aУ9(2)210.3,0
_2rubbk
686 _aУ21(0)03
700 1 _aПавленков
_bМ. Н.
_gМихаил Николаевич
_4070
801 0 _aRU
_bРКП
_c20060505
_grcr
801 1 _aRU
_bРГБ
_c20060505
801 2 _aRU
_bNLR
_c20060613
_grcr
942 _cBOOK
980 _aNB
980 _aNBR